|
|
|
|
| LEADER |
00000nam0a2200000 4500 |
| 001 |
191944 |
| 005 |
20231101224403.0 |
| 010 |
|
|
|a 5020059854
|
| 035 |
|
|
|a (RuTPU)RU\TPU\book\209309
|
| 090 |
|
|
|a 191944
|
| 100 |
|
|
|a 20110215d1991 m y0rusy50 ca
|
| 101 |
1 |
|
|a rus
|c eng
|
| 102 |
|
|
|a RU
|
| 105 |
|
|
|a a z 000zy
|
| 200 |
1 |
|
|a Взрывающиеся солнца. Тайны сверхновых
|e пер. с англ.
|f А. Азимов
|
| 210 |
|
|
|a Москва
|c Наука
|d 1991
|
| 215 |
|
|
|a 240 с.
|c ил.
|
| 610 |
1 |
|
|a Солнечная система
|
| 610 |
1 |
|
|a космос
|
| 610 |
1 |
|
|a Вселенная
|
| 610 |
1 |
|
|a эволюция
|
| 610 |
1 |
|
|a новые звезды
|
| 610 |
1 |
|
|a звезды
|
| 610 |
1 |
|
|a Галактика
|
| 610 |
1 |
|
|a черные дыры
|
| 610 |
1 |
|
|a планеты
|
| 610 |
1 |
|
|a нуклеиновые кислоты
|
| 610 |
1 |
|
|a мутации
|
| 610 |
1 |
|
|a магнитное поле
|
| 610 |
1 |
|
|a Земля
|
| 675 |
|
|
|a 524.3
|v 3
|
| 675 |
|
|
|a 524.8
|v 3
|
| 700 |
|
1 |
|a Азимов
|b А.
|c американский писатель-фантаст
|f 1920-1992
|g Айзек
|2 stltpush
|3 (RuTPU)RU\TPU\pers\36273
|9 19349
|
| 801 |
|
1 |
|a RU
|b 63413507
|c 20110215
|
| 801 |
|
2 |
|a RU
|b 63413507
|c 20160303
|g RCR
|
| 942 |
|
|
|c BK
|